ბათუმის შოთა რუსთაველის სახელმწიფო უნივერსიტეტის ბიბლიოთეკა

Психотерапия (ბიბ.ჩანაწერი № 46448)

000 -LEADER
fixed length control field 00755nam a2200265Ia 4500
001 - CONTROL NUMBER
control field 13286
003 - CONTROL NUMBER IDENTIFIER
control field GE_BSU
008 - FIXED-LENGTH DATA ELEMENTS--GENERAL INFORMATION
fixed length control field 181216s||||||||xx |||||||||||||| ||und||
020 ## - INTERNATIONAL STANDARD BOOK NUMBER
International Standard Book Number 9785459010534
040 ## - CATALOGING SOURCE
Transcribing agency GE_BSU
080 ## - UNIVERSAL DECIMAL CLASSIFICATION NUMBER
Universal Decimal Classification number 615.85(075.8)
100 ## - MAIN ENTRY--PERSONAL NAME
Personal name Бурлачук,Л.Ф. Кочарян,А.С. Жидко,М.Е.
245 ## - TITLE STATEMENT
Title Психотерапия
245 ## - TITLE STATEMENT
Remainder of title Психологические модели
245 ## - TITLE STATEMENT
Statement of responsibility, etc. Под.общ.ред.Л.Ф.Бурлачука
260 ## - PUBLICATION, DISTRIBUTION, ETC.
Place of publication, distribution, etc. Москва
260 ## - PUBLICATION, DISTRIBUTION, ETC.
Name of publisher, distributor, etc. СПБ питер
260 ## - PUBLICATION, DISTRIBUTION, ETC.
Date of publication, distribution, etc. 2012
300 ## - PHYSICAL DESCRIPTION
Extent 496стр.илл.
653 ## - INDEX TERM--UNCONTROLLED
Uncontrolled term Психология
653 ## - INDEX TERM--UNCONTROLLED
Uncontrolled term Психотерапия
653 ## - INDEX TERM--UNCONTROLLED
Uncontrolled term ფსიქოლოგია
942 ## - ADDED ENTRY ELEMENTS (KOHA)
Koha item type წიგნი
ეგზემპლარები
Withdrawn status Lost status Damaged status Not for loan Date acquired Barcode Date last seen Price effective from Koha item type
        2018-12-17 36842 2018-12-17 2018-12-17 წიგნი
        2018-12-17 36841 2018-12-17 2018-12-17 წიგნი